Années des titres de l'ASM - Statistiques

Statistiques générales
  • Ce quiz a été pris 18 fois
  • Le résultat moyen est 12 sur 15
Statistiques - réponses
Trophée Année % Correct
Ligue 1 2017
100%
Coupe de la Ligue 2003
88%
Ligue 2 2013
88%
Ligue 1 1961
76%
Ligue 1 1963
76%
Coupe de France 1963
76%
Ligue 1 1978
76%
Coupe de France 1980
76%
Coupe de France 1985
76%
Ligue 1 1988
76%
Coupe de France 1991
76%
Ligue 1 1997
76%
Ligue 1 2000
76%
Coupe de France 1960
71%
Ligue 1 1982
71%
Aucun quiz correspondant
Distribution des résultats
% des personnes avec chaque résultat
Percentile par nombre de réponses
Votre historique - résultats
Vous n’avez pas pris ce quiz